Phương trình vi phân : (Hóa - Địa - Dược) . Giáo trình toán dùng nhóm ngành II /

Gespeichert in:
Bibliographische Detailangaben
1. Verfasser: Đào Huy Bích
Weitere Verfasser: Phạm Thị Oanh, Phan Văn Hạp
Format: Sách giấy
Sprache:Vietnamese
Veröffentlicht: Hà Nội : Đại học Quốc gia , 1998
Tags: Tag hinzufügen
Keine Tags, Fügen Sie den ersten Tag hinzu!
Thư viện lưu trữ: Thư viện Trường Đại học Đà Lạt
LEADER 00734nam a2200265 4500
001 DLU020009794
005 ##11/2/1999
041 # # |a vie 
082 # # |a 515.35  |b DA-B 
090 # # |a 515.35  |b DA-B 
100 # # |a Đào Huy Bích 
245 # # |a Phương trình vi phân :  |b (Hóa - Địa - Dược) .  |n Giáo trình toán dùng nhóm ngành II /  |c Đào Huy Bích, Phạm Thị Oanh, Phan Văn Hạp 
260 # # |a Hà Nội :  |b Đại học Quốc gia ,  |c 1998 
300 # # |a 161 tr.;   |c 21 cm. 
700 # # |a Phạm Thị Oanh 
700 # # |a Phan Văn Hạp 
992 # # |a 12500 
994 # # |a DLU 
900 # # |a False 
911 # # |a admin 
925 # # |a G 
926 # # |a A 
927 # # |a SH 
980 # # |a Thư viện Trường Đại học Đà Lạt